00889nam a2200217 i 4500001000700000003000700007005001700014008004100031080002300072100003400095245012700129250001200256260003600268300002200304490003100326700002800357830003900385852010500424999001900529952012300548188065SpMaBN20230906223112.0180423s1930 sp |||| | spa d a821.111(73)-31"19"1 aCurwood, James Oliver.94225710aDonde el río nace b= (The river's end) / cpor James Oliver Curwood ; novela traducida del inglés por Adolfo Jordá. a2ª ed. aBarcelona : bJuventud, c1930. a284 p. ; c18 cm.1 aColección obras maestras1 aJordá, Adolfo.9668930 aColección obras maestras9180938 aES-MaACLjL-31945 z- Enc. cart. z. - Donat. herederos de la bibl. de Mª del Pilar Costa Palacín c188065d188065 00104070aATENEOMbATENEOMcDEPO2d2018-04-23eDONl0oL-31945p1198755r2023-02-23 00:00:00w2023-02-23yMONOGRAFIA